000 00950npm a2200241 i 4500
001 5158
003 ES-MaACL
005 20230909113054.0
007 hzrazu bucu
008 900419r19901788sp a 00010 spa d
080 _a9(914)
080 _a91(914)
100 0 _aJuan de la Concepción
_c(O.A.R.)
_9128386
245 1 0 _aHistoria General de Filipinas
_b: [Microforma] /
_cJuan Concepcion.
260 _aMadrid :
_bAteneo Cientifico, Literario y Artistico,
_c1990.
300 _a4 carretes de microfilme :
_bnegativo ;
_c16 mm.
500 _aPublicado originalmente: Manila, Agustin de la Rosa y Bagagtas, 1788, en 14 tomos.
505 8 _aCarrete n. 1: Tomo 1 a 4 -- Carrete n. 2: Tomo 5 a 9 (Cap. VI, p.204) -- Carrete n. 3: Tomo 9 (Cap. VII, p.205) a t. 12 -- Carrete n. 4: Tomos 13 y 14
650 1 4 _aObras anteriores a 1800.
_915661
852 _aES-MaACL
_jMC-152-155
_95275
942 _2udc
_cMICROFORMA
999 _c5158
_d5158